Catálogo
 En Linea

Del pensamiento de Máximo Gómez / (Registro nro. 37767)

Detalles MARC
000 -CABECERA
campo de control de longitud fija 01101nam a2200313 i 4500
001 - NÚMERO DE CONTROL
campo de control 000038277
003 - IDENTIFICADOR DEL NÚMERO DE CONTROL
campo de control DO-SdBNP
005 - FECHA Y HORA DE LA ÚLTIMA TRANSACCIÓN
campo de control 20260605000014.0
007 - CAMPO FIJO DE DESCRIPCIÓN FÍSICA--INFORMACIÓN GENERAL
campo de control de longitud fija ta
008 - DATOS DE LONGITUD FIJA--INFORMACIÓN GENERAL
campo de control de longitud fija 130408s dr a 000 0 spa d
040 ## - FUENTE DE LA CATALOGACIÓN
Centro catalogador/agencia de origen DO-SdBNP
Lengua de catalogación spa
Centro/agencia transcriptor BNPHU
Normas de descripción rda
082 #4 - NÚMERO DE LA CLASIFICACIÓN DECIMAL DEWEY
Número de clasificación 923.57293
Número de documento/Ítem C679p
Número de edición 22
100 ## - ENTRADA PRINCIPAL--NOMBRE DE PERSONA
Nombre de persona Coiscou Weber, Rodolfo,
Término indicativo de función/relación autor
Código de función/relación aut.
9 (RLIN) 19739
245 10 - MENCIÓN DE TÍTULO
Título Del pensamiento de Máximo Gómez /
Mención de responsabilidad, etc. Rodolfo Coiscou Weber
264 #4 - PRODUCCIÓN, PUBLICACIÓN, DISTRIBUCIÓN, FABRICACIÓN Y COPYRIGHT
Producción, publicación, distribución, fabricación y copyright Santo Domingo :
Nombre del de productor, editor, distribuidor, fabricante Editora UCE,
Fecha de producción, publicación, distribución, fabricación o copyright 19--?.
300 ## - DESCRIPCIÓN FÍSICA
Extensión 83 páginas :
Otras características físicas ilustraciones ;
Dimensiones 21 cm
336 ## - TIPO DE CONTENIDO
Término de tipo de contenido texto
Código de tipo de contenido txt
Fuente rdamedia
337 ## - TIPO DE MEDIO
Nombre/término del tipo de medio sin mediación
Código del tipo de medio n
Fuente rdamedia
338 ## - TIPO DE SOPORTE
Nombre/término del tipo de soporte volumen
Código del tipo de soporte nc
Fuente rdacarrier
490 1# - MENCIÓN DE SERIE
Mención de serie Colección Antología de Nuestra Voz
Designación de volumen o secuencia 56
590 ## - NOTA LOCAL (RLIN)
Nota local Inventariado, 2024/BT
600 #7 - PUNTO DE ACCESO ADICIONAL DE MATERIA--NOMBRE DE PERSONA
Fuente del encabezamiento o término Librunam
Nombre de persona Gómez, Máximo.
Fechas asociadas al nombre 1836-1905
Subdivisión de forma Biografía
Subdivisión general Pensamiento político y social
9 (RLIN) 89873
650 #7 - PUNTO DE ACCESO ADICIONAL DE MATERIA--TÉRMINO DE MATERIA
Fuente del encabezamiento o término Librunam
Término de materia o nombre geográfico como elemento de entrada Generales
Subdivisión de forma Biografía
Subdivisión geográfica República Dominicana
9 (RLIN) 89874
650 #7 - PUNTO DE ACCESO ADICIONAL DE MATERIA--TÉRMINO DE MATERIA
Fuente del encabezamiento o término Librunam
Término de materia o nombre geográfico como elemento de entrada Generales
Subdivisión de forma Biografía
Subdivisión geográfica Cuba
9 (RLIN) 89875
651 ## - PUNTO DE ACCESO ADICIONAL DE MATERIA--NOMBRE GEOGRÁFICO
Subdivisión de forma
710 1# - PUNTO DE ACCESO ADICIONAL--NOMBRE DE ENTIDAD CORPORATIVA
Nombre de entidad corporativa o nombre de jurisdicción como elemento de entrada Universidad Central del Este
9 (RLIN) 37229
910 ## - DATOS DE OPCIÓN DEL USUARIO (OCLC)
Datos de opción del usuario Btavárez
942 ## - ELEMENTOS DE PUNTO DE ACCESO ADICIONAL (KOHA)
Fuente del sistema de clasificación o colocación Dewey Decimal Classification
Tipo de ítem Koha Libro y Folleto Colección Dominicana de Servicio
Existencias
Estado de retiro Estado de pérdida Fuente del sistema de clasificación o colocación Restricciones de uso No para préstamo Código de colección Localización permanente Ubicación/localización actual Ubicación en estantería Fecha de adquisición Total de préstamos Signatura topográfica completa Código de barras Fecha visto por última vez Precio válido a partir de Tipo de ítem Koha Número de copia Nota pública Fuente de adquisición
    Dewey Decimal Classification Excluido de préstamo   Patrimonio Dominicano Biblioteca Nacional Pedro Henríquez Ureña Biblioteca Nacional Pedro Henríquez Ureña En catalogación 08.04.2013   BNPHU PD 38277-10 25.06.2020 25.06.2020 Libro      
    Dewey Decimal Classification Excluido de préstamo   Patrimonio Dominicano Biblioteca Nacional Pedro Henríquez Ureña Biblioteca Nacional Pedro Henríquez Ureña En catalogación 16.04.2015   BNPHU PD 38277-20 25.06.2020 25.06.2020 Libro e. 2 Perteneció a la biblioteca personal de Erick Landestoy  
    Dewey Decimal Classification Préstamo en sala   Dominicana de Servicio Biblioteca Nacional Pedro Henríquez Ureña Biblioteca Nacional Pedro Henríquez Ureña En catalogación 21.10.2024   BNPHU DS 2024-6049 21.10.2024 21.10.2024 Libro e.3 Perteneció a la biblioteca personal de Emilio Cordero Michel. Donado por la Presidencia de la República Dominicana 2023.
    Dewey Decimal Classification Préstamo en sala   Dominicana de Servicio Biblioteca Nacional Pedro Henríquez Ureña Biblioteca Nacional Pedro Henríquez Ureña En catalogación 21.10.2024   BNPHU DS 92357293 2024-6503 19.11.2024 19.11.2024 Libro e. 4 Perteneció a la biblioteca personal de Emilio Cordero Michel. Donado por la Presidencia de la República Dominicana 2023.

Con tecnología Koha